La comédie humaine. (Record no. 186090)

MARC details
000 -LEADER
campo de control de longitud fija 00929nam a2200205 i 4500
001 - NÚMERO DE CONTROL
campo de control 186090
003 - IDENTIFICADOR DE NÚMERO DE CONTROL
campo de control ES-MaACL
005 - FECHA Y HORA DE LA ÚLTIMA TRANSACCIÓN
campo de control 20250927121604.0
008 - DATOS DE LONGITUD FIJA--INFORMACIÓN GENERAL
campo de control de longitud fija 160907s1935 fr |||| | fre d
100 1# - ENTRADA PRINCIPAL--NOMBRE DE PERSONA
Nombre de persona Balzac, Honoré de,
Fechas asociadas al nombre 1799-1850
9 (RLIN) 25139
245 13 - MENCIÓN DEL TÍTULO
Título La comédie humaine.
Número de parte o sección de la obra IV,
Nombre de parte o sección de la obra Études de moeurs. Scènes de la vie de province. II /
Mención de responsabilidad, etc. Balzac ; texte établi par Marcel Bouteron.
260 ## - PUBLICACIÓN, DISTRIBUCIÓN, ETC.
Lugar de publicación, distribución, etc. [Paris] :
Nombre del editor, distribuidor, etc. Éd. de la Nouvelle Revue française,
Fecha de publicación, distribución, etc. 1935.
300 ## - DESCRIPCIÓN FÍSICA
Extensión 1065 p. ;
Dimensiones 18 cm.
490 1# - MENCIÓN DE SERIE
Mención de serie Bibliothèque de la Pléiade ;
Designación de volumen o secuencia 31
505 8# - NOTA DE CONTENIDO CON FORMATO
Nota de contenido con formato Contiene: L'illustre Gaudissart ; La muse du département ; La vieille fille ; Le cabinet des antiques ; Les deux poètes ; Un grand homme de province à Paris ; Les souffrances de l'inventeur
600 17 - PUNTO DE ACCESO ADICIONAL DE MATERIA--NOMBRE DE PERSONA
Nombre de persona Bouteron, Marcel,
Fechas asociadas al nombre 1877-1962
Fuente del encabezamiento o término
9 (RLIN) 160767
830 0# - PUNTO DE ACCESO ADICIONAL DE SERIE-TÍTULO UNIFORME
Título uniforme Bibliothèque de la Pléiade ;
Designación de volumen o secuencia 31
9 (RLIN) 180233
852 ## - LOCALIZACIÓN
Ubicación ES-MaACL
Número de control de estantería E-5149
Holdings
Estatus retirado Estado de pérdida Estado de daño No para préstamo Biblioteca de origen Biblioteca actual Ubicación en estantería Fecha de adquisición Fuente de adquisición Total de préstamos Signatura topográfica completa Código de barras Visto por última vez Precio de reemplazo Tipo de ítem Koha
        Biblioteca del Ateneo de Madrid Biblioteca del Ateneo de Madrid Depósito 2 07/09/2016     E-5149 1196195 23/02/2023 23/02/2023 Libro impreso